[Event "Rohde op 06th"]
[Site "Sautron"]
[Date "2006.10.31"]
[Round "5"]
[White "Le Razavet, Yannick"]
[Black "Allain, David"]
[Result "0-1"]
[WhiteElo "1730"]
[BlackElo "1499"]
[PlyCount "106"]
[EventDate "2006.10.28"]
[EventType "swiss"]
[EventRounds "9"]
[EventCountry "FRA"]
[SourceTitle "EXT 2007"]
[Source "ChessBase"]
[SourceDate "2006.11.23"]
[SourceVersion "1"]
[SourceVersionDate "2006.11.23"]
[SourceQuality "1"]

1. e4 c5 2. Nf3 Nc6 3. d4 cxd4 4. Nxd4 Nf6 5. Nc3 d6 6. f3 e5 7. Nb3 Be7 8. Be3 0-0 9. Qd2 Be6 10. Bb5 a6 11. Bd3 Nb4 12. 0-0 d5 13. exd5 Nfxd5 14. Nxd5 Nxd5 15. Rad1 Nxe3 16. Qxe3 Qc7 17. Rfe1 Bxb3 18. Kh1 Be6 19. Qxe5 Qxe5 20. Rxe5 Bf6 21. Re2 Rad8 22. Rde1 b5 23. b3 Bc3 24. Rf1 Rd7 25. Re4 Bf5 26. Re3 Bxd3 27. cxd3 Rfd8 28. Rd1 Bd4 29. Re2 h6 30. g3 Bc3 31. Kg2 Rxd3 32. Rxd3 Rxd3 33. Rc2 Rd2+ 34. Rxd2 Bxd2 35. Kf2 Kf8 36. Ke2 Ba5 37. Kd3 Ke7 38. Ke4 Ke6 39. g4 g5 40. h3 Bc7 41. Kd4 Kd6 42. a4 Bb6+ 43. Kd3 Kc5 44. axb5 axb5 45. Kd2 Ba5+ 46. Kd3 Kd5 47. Ke3 b4 48. Kd3 Bb6 49. Ke2 Ke5 50. Kd3 Kf4 51. Kc4 Kxf3 52. Kxb4 Kg3 53. Kb5 Bf2 0-1